Literacy and social development in the West : a reader
| Published in: | Cambridge studies in oral and literate culture |
|---|---|
| Main Author: | |
| Content type: | Book |
| Published: |
Cambridge:
Univ. Pr.
1981
|
| Series: | Cambridge studies in oral and literate culture ; |
| Source: | MPIPL_cat |
MARC
| LEADER | 00000cam a2200000 ub4500 | ||
|---|---|---|---|
| 001 | PL0051207 | ||
| 003 | PLI01000000000000000050957 | ||
| 005 | 00000000000000.0 | ||
| 008 | ||| u | ||
| 020 | |a 0-521-23954-0 | ||
| 020 | |a 9780521239547 | ||
| 090 | |a 404.21-Lit/2 | ||
| 100 | 1 | |a Graff, Harvey J. |e [ed.] | |
| 245 | 0 | 0 | |a Literacy and social development in the West |b a reader |c ed. by Harvey J. Graff |
| 260 | |a Cambridge |b Univ. Pr. |c 1981 | ||
| 300 | |a IX, 340 p. | ||
| 490 | 0 | |a Cambridge studies in oral and literate culture ; | |
| 830 | 0 | |w PL0000945 | |
| 852 | |c 404.21-Lit/2 |m BOOK | ||
| 989 | |a 99-05c | ||